000 00454nam a2200157 4500
001 111675
003 ES-MaACL
007 t|
008 061121s1967 mx r ||||1| spa d
245 0 4 _aLos Narradores ante el público /
_cRubén Marín... [et al.].
250 _a[1ª ed.].
260 _aMéxico :
_bJoaquín Mortiz,
_c1967.
300 _a217 p. con 13 láms. ;
_c22 cm.
700 1 _aMarín, Rubén.
_976759
852 _aES-MaACL
_jE-9946
_bR.93960
999 _c111675
_d111675